| 000 | 01016cam a2200277 a 4500 | ||
|---|---|---|---|
| 001 | 1995467 | ||
| 003 | ARRUPE | ||
| 005 | 20160407103918.0 | ||
| 008 | 891206m19879999ke a j 000 0 eng | ||
| 010 | _a 89981149 | ||
| 020 | _a9966858121 | ||
| 040 |
_aDLC _cDLC |
||
| 043 | _af-ke--- | ||
| 050 | 0 | 0 |
_aML3760 _b.H59 1987 |
| 082 | 0 | 0 |
_a781.62/0096762 _220 |
| 245 | 0 | 0 |
_aHistory of traditional music of Kenya. _bmusicians and their instruments |
| 260 |
_aNairobi : _bJenisik Cultural Books Ltd., _c1987- |
||
| 300 |
_aVol. 1; 59p.; _bill. ; _c21cm. |
||
| 505 | 1 | _av. 1. Musicians and their instruments : pupils' book. | |
| 650 | 0 |
_aFolk music _zKenya _xHistory and criticism _xJuvenile literature. _923496 |
|
| 650 | 0 |
_aMusicians _zKenya _xBiography _xJuvenile literature. _923497 |
|
| 650 | 0 |
_aMusical instruments _zKenya. _923498 |
|
| 906 |
_a7 _bcbc _corignew _d3 _encip _f19 _gy-gencatlg |
||
| 942 |
_2lcc _cMONOGRAPH |
||
| 999 |
_c124517 _d124517 |
||